[Event "Team Championship (women rapid)"]
[Site "Sochi"]
[Date "2017.10.03"]
[Round "2.11"]
[White "Gritsayeva, Oksana"]
[Black "Belenkaya, Dina"]
[Result "0-1"]
[LiveChessVersion "1.4.8"]
[BlackElo "2208"]
[WhiteElo "2358"]

1. e4 {[%clk 0:15:18]} c6 {[%clk 0:15:19]} 2. Nc3 {[%clk 0:15:23]} d5
{[%clk 0:15:28]} 3. Nf3 {[%clk 0:15:31]} dxe4 {[%clk 0:15:26]} 4. Nxe4
{[%clk 0:15:39]} Nf6 {[%clk 0:15:33]} 5. Ng3 {[%clk 0:15:43]} h5 {[%clk 0:14:29]}
6. h3 {[%clk 0:15:43]} h4 {[%clk 0:14:16]} 7. Ne2 {[%clk 0:15:52]} Bf5
{[%clk 0:13:44]} 8. d4 {[%clk 0:15:22]} Nbd7 {[%clk 0:13:11]} 9. c3
{[%clk 0:14:36]} Qb6 {[%clk 0:12:54]} 10. Qb3 {[%clk 0:12:55]} Be6
{[%clk 0:12:19]} 11. Qc2 {[%clk 0:12:31]} Bd5 {[%clk 0:11:56]} 12. Nd2
{[%clk 0:10:43]} e5 {[%clk 0:11:39]} 13. dxe5 {[%clk 0:10:21]} Nxe5
{[%clk 0:11:40]} 14. Nf4 {[%clk 0:10:01]} Bc5 {[%clk 0:10:56]} 15. Nb3
{[%clk 0:08:59]} Be4 {[%clk 0:10:29]} 16. Qe2 {[%clk 0:08:45]} g5
{[%clk 0:05:28]} 17. Nxc5 {[%clk 0:06:42]} Qxc5 {[%clk 0:05:36]} 18. f3
{[%clk 0:04:26]} Bf5 {[%clk 0:05:32]} 19. Be3 {[%clk 0:03:04]} Qe7
{[%clk 0:05:38]} 20. O-O-O {[%clk 0:01:50]} gxf4 {[%clk 0:05:46]} 21. Bxf4
{[%clk 0:01:59]} Nfd7 {[%clk 0:04:56]} 22. Qf2 {[%clk 0:02:05]} Qe6
{[%clk 0:04:29]} 23. b3 {[%clk 0:00:56]} f6 {[%clk 0:02:53]} 24. Bxe5
{[%clk 0:00:38]} fxe5 {[%clk 0:02:48]} 25. Bc4 {[%clk 0:00:47]} Qe7
{[%clk 0:02:48]} 26. Rhe1 {[%clk 0:00:52]} Qa3+ {[%clk 0:02:55]} 27. Kd2
{[%clk 0:01:01]} Qb2+ {[%clk 0:02:44]} 28. Ke3 {[%clk 0:01:07]} Qxc3+
{[%clk 0:02:50]} 29. Bd3 {[%clk 0:01:14]} Qd4+ {[%clk 0:02:54]} 30. Ke2
{[%clk 0:01:22]} Bxd3+ {[%clk 0:02:55]} 31. Rxd3 {[%clk 0:01:31]} Qxf2+
{[%clk 0:03:02]} 32. Kxf2 {[%clk 0:01:40]} Ke7 {[%clk 0:02:28]} 33. Rc3
{[%clk 0:01:43]} Raf8 {[%clk 0:02:13]} 34. Rc4 {[%clk 0:01:47]} Kd6
{[%clk 0:02:05]} 35. Rg4 {[%clk 0:01:20]} Rf4 {[%clk 0:01:51]} 36. Rg6+
{[%clk 0:01:06]} Nf6 {[%clk 0:01:47]} 37. Rd1+ {[%clk 0:00:59]} Ke6
{[%clk 0:01:56]} 38. Rg7 {[%clk 0:00:39]} Rh7 {[%clk 0:02:04]} 39. Rdd7
{[%clk 0:00:23]} Nxd7 {[%clk 0:01:47]} 40. Rxh7 {[%clk 0:00:32]} Rd4
{[%clk 0:01:51]} 41. Ke3 {[%clk 0:00:35]} c5 {[%clk 0:01:57]} 42. Rh6+
{[%clk 0:00:30]} Nf6 {[%clk 0:02:06]} 43. Ke2 {[%clk 0:00:33]} b5
{[%clk 0:02:13]} 0-1

[Event "Team Championship (women rapid)"]
[Site "Sochi"]
[Date "2017.10.03"]
[Round "2.12"]
[White "Styazhkina, Anna"]
[Black "Potapova, Margarita"]
[Result "1-0"]
[LiveChessVersion "1.4.8"]
[BlackElo "2104"]
[WhiteElo "2225"]

1. e4 {[%clk 0:15:18]} c5 {[%clk 0:15:17]} 2. Nf3 {[%clk 0:15:26]} d6
{[%clk 0:15:25]} 3. d4 {[%clk 0:15:35]} cxd4 {[%clk 0:15:34]} 4. Qxd4
{[%clk 0:15:42]} Nc6 {[%clk 0:15:39]} 5. Bb5 {[%clk 0:15:50]} Bd7
{[%clk 0:15:47]} 6. Qd3 {[%clk 0:15:58]} g6 {[%clk 0:15:27]} 7. c4
{[%clk 0:16:05]} Bg7 {[%clk 0:15:35]} 8. Nc3 {[%clk 0:16:12]} Nf6
{[%clk 0:15:39]} 9. O-O {[%clk 0:16:11]} O-O {[%clk 0:15:45]} 10. h3
{[%clk 0:15:16]} a6 {[%clk 0:15:40]} 11. Bxc6 {[%clk 0:15:22]} Bxc6
{[%clk 0:15:48]} 12. Be3 {[%clk 0:14:54]} Nd7 {[%clk 0:15:03]} 13. Nd4
{[%clk 0:14:53]} Nc5 {[%clk 0:14:50]} 14. Qc2 {[%clk 0:14:59]} Ne6
{[%clk 0:14:37]} 15. Rad1 {[%clk 0:13:54]} Rc8 {[%clk 0:13:40]} 16. Rfe1
{[%clk 0:13:01]} Qa5 {[%clk 0:12:18]} 17. Nb3 {[%clk 0:09:09]} Qh5
{[%clk 0:09:40]} 18. Nd5 {[%clk 0:08:31]} Rfe8 {[%clk 0:09:27]} 19. Qd2
{[%clk 0:05:37]} Qe5 {[%clk 0:07:14]} 20. Nc3 {[%clk 0:01:14]} Qh5
{[%clk 0:05:41]} 21. f3 {[%clk 0:00:46]} b5 {[%clk 0:05:08]} 22. cxb5
{[%clk 0:00:25]} axb5 {[%clk 0:04:30]} 23. Nd5 {[%clk 0:00:33]} Qe5
{[%clk 0:02:55]} 24. Re2 {[%clk 0:00:32]} Qh5 {[%clk 0:02:32]} 25. Nb4
{[%clk 0:00:19]} Ba8 {[%clk 0:02:26]} 26. a3 {[%clk 0:00:23]} Nc5
{[%clk 0:02:17]} 27. Nd4 {[%clk 0:00:22]} Ne6 {[%clk 0:01:50]} 28. Nb3
{[%clk 0:00:26]} Nc5 {[%clk 0:01:56]} 29. Nd4 {[%clk 0:00:35]} Ne6
{[%clk 0:02:04]} 30. Nxe6 {[%clk 0:00:28]} fxe6 {[%clk 0:02:13]} 31. Bd4
{[%clk 0:00:32]} Bh6 {[%clk 0:02:13]} 32. Qd3 {[%clk 0:00:37]} Rc4
{[%clk 0:02:07]} 33. b3 {[%clk 0:00:39]} Rc7 {[%clk 0:02:09]} 34. Bb2
{[%clk 0:00:18]} Rec8 {[%clk 0:01:53]} 35. Kh1 {[%clk 0:00:27]} Qh4
{[%clk 0:01:43]} 36. Qd4 {[%clk 0:00:25]} e5 {[%clk 0:01:48]} 37. Qf2
{[%clk 0:00:18]} Qh5 {[%clk 0:01:28]} 38. Nd3 {[%clk 0:00:16]} Bc6
{[%clk 0:01:22]} 39. Nb4 {[%clk 0:00:21]} Bb7 {[%clk 0:01:19]} 40. a4
{[%clk 0:00:17]} bxa4 {[%clk 0:01:27]} 41. bxa4 {[%clk 0:00:26]} Rc4
{[%clk 0:01:26]} 42. Qb6 {[%clk 0:00:22]} Ba8 {[%clk 0:01:19]} 43. a5
{[%clk 0:00:21]} Bf4 {[%clk 0:01:23]} 44. Nd3 {[%clk 0:00:29]} Bg3
{[%clk 0:01:07]} 45. Qb3 {[%clk 0:00:33]} Kh8 {[%clk 0:01:14]} 46. Rc1
{[%clk 0:00:32]} Rxc1+ {[%clk 0:01:09]} 47. Bxc1 {[%clk 0:00:40]} Rf8
{[%clk 0:00:53]} 48. Nb4 {[%clk 0:00:29]} Bb7 {[%clk 0:00:46]} 49. Kg1
{[%clk 0:00:24]} Bc8 {[%clk 0:00:51]} 50. a6 {[%clk 0:00:19]} Bxh3
{[%clk 0:00:42]} 51. gxh3 {[%clk 0:00:27]} Qxh3 {[%clk 0:00:34]} 52. a7
{[%clk 0:00:23]} Bh4 {[%clk 0:00:40]} 53. Rg2 {[%clk 0:00:23]} Ra8
{[%clk 0:00:22]} 54. Nc6 {[%clk 0:00:26]} Kg7 {[%clk 0:00:21]} 55. Qb7
{[%clk 0:00:16]} Qxf3 {[%clk 0:00:19]} 56. Qxa8 {[%clk 0:00:20]} Qd1+
{[%clk 0:00:22]} 57. Kh2 {[%clk 0:00:28]} Qh5 {[%clk 0:00:27]} 58. Qc8
{[%clk 0:00:28]} Bg3+ {[%clk 0:00:12]} 59. Kxg3 {[%clk 0:00:35]} 1-0

[Event "Team Championship (women rapid)"]
[Site "Sochi"]
[Date "2017.10.03"]
[Round "3.1"]
[White "Pogonina, Natalija"]
[Black "Charochkina, Daria"]
[Result "1/2-1/2"]
[LiveChessVersion "1.4.8"]
[BlackElo "2326"]
[WhiteElo "2447"]

1. d4 {[%clk 0:15:10]} f5 {[%clk 0:15:10]} 2. c4 {[%clk 0:15:10]} Nf6
{[%clk 0:15:10]} 3. Nc3 {[%clk 0:15:10]} e6 {[%clk 0:15:10]} 4. Qc2
{[%clk 0:15:10]} Bb4 {[%clk 0:15:10]} 5. e3 {[%clk 0:15:10]} b6 {[%clk 0:15:10]}
6. Bd3 {[%clk 0:15:10]} Bb7 {[%clk 0:15:10]} 7. f3 {[%clk 0:15:10]} c5
{[%clk 0:15:10]} 8. Nge2 {[%clk 0:15:10]} Nc6 {[%clk 0:15:09]} 9. a3
{[%clk 0:15:03]} cxd4 {[%clk 0:15:11]} 10. exd4 {[%clk 0:14:57]} Bd6
{[%clk 0:15:11]} 11. Be3 {[%clk 0:13:50]} O-O {[%clk 0:15:01]} 12. O-O
{[%clk 0:13:50]} Qb8 {[%clk 0:15:03]} 13. h3 {[%clk 0:12:58]} Qd8
{[%clk 0:13:22]} 14. Qd2 {[%clk 0:11:52]} Rc8 {[%clk 0:13:06]} 15. b4
{[%clk 0:11:43]} Nh5 {[%clk 0:11:15]} 16. Bf2 {[%clk 0:09:20]} Bb8
{[%clk 0:10:42]} 17. Kh1 {[%clk 0:09:06]} Qc7 {[%clk 0:10:23]} 18. f4
{[%clk 0:08:07]} Ne7 {[%clk 0:09:50]} 19. Be3 {[%clk 0:06:58]} Rf6
{[%clk 0:06:29]} 20. Rf2 {[%clk 0:07:05]} Rh6 {[%clk 0:05:18]} 21. Kg1
{[%clk 0:06:33]} Rg6 {[%clk 0:05:07]} 22. Kh2 {[%clk 0:06:27]} Nf6
{[%clk 0:04:54]} 23. Ng1 {[%clk 0:05:42]} Ne4 {[%clk 0:04:56]} 24. Nxe4
{[%clk 0:04:04]} fxe4 {[%clk 0:05:04]} 25. Bf1 {[%clk 0:04:11]} Nf5
{[%clk 0:05:11]} 26. Rc1 {[%clk 0:04:10]} Rf8 {[%clk 0:05:17]} 27. Ne2
{[%clk 0:04:11]} Qd8 {[%clk 0:04:32]} 28. g3 {[%clk 0:03:51]} h5 {[%clk 0:04:19]}
29. Bg2 {[%clk 0:03:53]} Rgf6 {[%clk 0:03:51]} 30. Kg1 {[%clk 0:03:03]} h4
{[%clk 0:03:11]} 31. g4 {[%clk 0:03:02]} Nxe3 {[%clk 0:03:20]} 32. Qxe3
{[%clk 0:03:10]} g5 {[%clk 0:03:29]} 33. f5 {[%clk 0:02:44]} R6f7
{[%clk 0:03:06]} 34. Bxe4 {[%clk 0:02:19]} Bxe4 {[%clk 0:02:59]} 35. Qxe4
{[%clk 0:02:27]} exf5 {[%clk 0:03:08]} 36. gxf5 {[%clk 0:02:32]} Re8
{[%clk 0:02:08]} 37. Qf3 {[%clk 0:02:18]} Qf6 {[%clk 0:01:45]} 38. Rcf1
{[%clk 0:01:40]} Rfe7 {[%clk 0:01:52]} 39. Rg2 {[%clk 0:01:42]} Kf8
{[%clk 0:01:09]} 40. Qh5 {[%clk 0:01:20]} Re3 {[%clk 0:01:06]} 41. Rff2
{[%clk 0:00:34]} Rxh3 {[%clk 0:00:41]} 42. Qxg5 {[%clk 0:00:25]} Qxg5 43. Rxg5
{[%clk 0:00:34]} Rxa3 {[%clk 0:00:17]} 44. Nf4 {[%clk 0:00:24]} h3
{[%clk 0:00:15]} 45. Ng6+ {[%clk 0:00:23]} Kf7 {[%clk 0:00:24]} 46. Ne5+
{[%clk 0:00:29]} Bxe5 {[%clk 0:00:27]} 47. dxe5 {[%clk 0:00:37]} Rxe5
{[%clk 0:00:33]} 48. Kh2 {[%clk 0:00:44]} Rae3 {[%clk 0:00:20]} 49. Rh5
{[%clk 0:00:48]} Re2 {[%clk 0:00:13]} 50. Rxe2 {[%clk 0:00:55]} Rxe2+
{[%clk 0:00:23]} 51. Kxh3 {[%clk 0:01:04]} Re3+ {[%clk 0:00:31]} 52. Kg4
{[%clk 0:01:08]} Kf6 {[%clk 0:00:27]} 53. Rh6+ {[%clk 0:01:13]} Ke5
{[%clk 0:00:27]} 54. Rh7 {[%clk 0:01:14]} Kf6 {[%clk 0:00:29]} 55. Rh6+
{[%clk 0:01:12]} Kg7 {[%clk 0:00:27]} 56. Rd6 {[%clk 0:01:16]} Re4+
{[%clk 0:00:32]} 57. Kg5 {[%clk 0:01:24]} Rxc4 {[%clk 0:00:36]} 58. Rxd7+
{[%clk 0:01:32]} Kf8 {[%clk 0:00:45]} 59. Kf6 {[%clk 0:00:46]} Rc6+
{[%clk 0:00:46]} 60. Ke5 {[%clk 0:00:36]} Rc4 {[%clk 0:00:37]} 61. Rxa7
{[%clk 0:00:34]} Rxb4 {[%clk 0:00:45]} 62. Kf6 {[%clk 0:00:38]} Kg8
{[%clk 0:00:41]} 63. Ra8+ {[%clk 0:00:40]} Kh7 {[%clk 0:00:50]} 64. Rb8
{[%clk 0:00:42]} Ra4 {[%clk 0:00:32]} 65. Rxb6 {[%clk 0:00:39]} Ra8
{[%clk 0:00:23]} 66. Rb7+ {[%clk 0:00:38]} Kh6 {[%clk 0:00:26]} 67. Kf7
{[%clk 0:00:32]} Kh7 {[%clk 0:00:20]} 68. f6 {[%clk 0:00:38]} Kh6
{[%clk 0:00:27]} 69. Re7 {[%clk 0:00:33]} Kh7 {[%clk 0:00:20]} 70. Re8
{[%clk 0:00:32]} Ra7+ {[%clk 0:00:30]} 71. Ke6 {[%clk 0:00:39]} Ra6+
{[%clk 0:00:38]} 72. Kf5 {[%clk 0:00:46]} Ra5+ {[%clk 0:00:47]} 73. Re5
{[%clk 0:00:51]} Ra8 {[%clk 0:00:38]} 74. Re7+ {[%clk 0:00:57]} Kh6
{[%clk 0:00:47]} 75. Ke6 {[%clk 0:00:32]} Ra6+ {[%clk 0:00:45]} 76. Kf7
{[%clk 0:00:41]} Ra8 {[%clk 0:00:53]} 77. Re8 {[%clk 0:00:41]} Ra7+
{[%clk 0:00:41]} 78. Re7 {[%clk 0:00:49]} Ra8 {[%clk 0:00:49]} 79. Re8 1/2-1/2

[Event "Team Championship (women rapid)"]
[Site "Sochi"]
[Date "2017.10.03"]
[Round "3.2"]
[White "Vasilevich, Tatjana"]
[Black "Girya, Olga"]
[Result "1/2-1/2"]
[LiveChessVersion "1.4.8"]
[BlackElo "2405"]
[WhiteElo "2367"]

1. d4 {[%clk 0:15:19]} d5 {[%clk 0:15:19]} 2. c4 {[%clk 0:15:28]} c6
{[%clk 0:15:29]} 3. Nf3 {[%clk 0:15:36]} Nf6 {[%clk 0:15:37]} 4. e3
{[%clk 0:15:46]} Bg4 {[%clk 0:15:46]} 5. Nc3 {[%clk 0:15:49]} e6 {[%clk 0:15:54]}
6. h3 {[%clk 0:15:59]} Bh5 {[%clk 0:16:03]} 7. g4 {[%clk 0:16:06]} Bg6
{[%clk 0:16:12]} 8. Ne5 {[%clk 0:16:15]} Nbd7 {[%clk 0:16:21]} 9. Nxg6
{[%clk 0:16:24]} hxg6 {[%clk 0:16:29]} 10. a3 {[%clk 0:16:09]} g5
{[%clk 0:14:46]} 11. Qf3 {[%clk 0:15:53]} Bd6 {[%clk 0:14:00]} 12. e4
{[%clk 0:14:29]} Nxe4 {[%clk 0:13:40]} 13. Nxe4 {[%clk 0:14:36]} dxe4
{[%clk 0:13:49]} 14. Qxe4 {[%clk 0:14:44]} Qe7 {[%clk 0:12:38]} 15. Be3
{[%clk 0:14:07]} O-O-O {[%clk 0:09:54]} 16. Bg2 {[%clk 0:12:03]} Rh4
{[%clk 0:09:45]} 17. Qc2 {[%clk 0:11:24]} Kb8 {[%clk 0:09:32]} 18. Qd2
{[%clk 0:11:04]} f6 {[%clk 0:09:17]} 19. O-O-O {[%clk 0:11:04]} Nb6
{[%clk 0:06:48]} 20. Qc2 {[%clk 0:10:34]} Bc7 {[%clk 0:06:13]} 21. Rhe1
{[%clk 0:10:35]} Qf7 {[%clk 0:05:43]} 22. Kb1 {[%clk 0:09:32]} Rhh8
{[%clk 0:05:43]} 23. a4 {[%clk 0:09:11]} a5 {[%clk 0:05:19]} 24. b3
{[%clk 0:08:04]} Rd7 {[%clk 0:04:27]} 25. Qc3 {[%clk 0:07:33]} Rhd8
{[%clk 0:04:19]} 26. Bf3 {[%clk 0:07:13]} Qf8 {[%clk 0:03:48]} 27. Ka2
{[%clk 0:07:00]} Nc8 {[%clk 0:02:54]} 28. Bc1 {[%clk 0:04:45]} Qb4
{[%clk 0:01:44]} 29. Qxb4 {[%clk 0:02:24]} axb4 {[%clk 0:01:53]} 30. Rxe6
{[%clk 0:02:11]} Rxd4 {[%clk 0:01:50]} 31. Rxd4 {[%clk 0:02:20]} Rxd4
{[%clk 0:01:59]} 32. Re8 {[%clk 0:02:14]} Bf4 {[%clk 0:01:48]} 33. Kb2
{[%clk 0:01:04]} Kc7 {[%clk 0:00:37]} 34. Rg8 {[%clk 0:00:55]} Bxc1+
{[%clk 0:00:37]} 35. Kxc1 {[%clk 0:01:03]} Rf4 {[%clk 0:00:34]} 36. Rxg7+
{[%clk 0:01:03]} Kb6 {[%clk 0:00:40]} 37. Bd1 {[%clk 0:00:52]} Nd6
{[%clk 0:00:48]} 38. f3 {[%clk 0:00:54]} Kc5 {[%clk 0:00:46]} 39. Kd2
{[%clk 0:00:56]} Rd4+ {[%clk 0:00:47]} 40. Ke2 {[%clk 0:00:50]} b6
{[%clk 0:00:31]} 41. Bc2 {[%clk 0:00:50]} Rf4 {[%clk 0:00:22]} 42. Ke3
{[%clk 0:00:53]} Nxc4+ {[%clk 0:00:22]} 43. bxc4 {[%clk 0:01:00]} Rxc4
{[%clk 0:00:31]} 44. Kd2 {[%clk 0:00:43]} Rc3 {[%clk 0:00:31]} 45. Rc7
{[%clk 0:00:28]} Kd6 {[%clk 0:00:25]} 46. Rb7 {[%clk 0:00:30]} Rxf3
{[%clk 0:00:24]} 47. Rxb6 {[%clk 0:00:38]} Rf2+ {[%clk 0:00:15]} 48. Kd3
{[%clk 0:00:29]} Kc5 {[%clk 0:00:23]} 49. Rb8 {[%clk 0:00:26]} Rf3+
{[%clk 0:00:21]} 50. Ke2 {[%clk 0:00:17]} Rxh3 {[%clk 0:00:22]} 51. Bd3
{[%clk 0:00:18]} Rg3 {[%clk 0:00:22]} 52. a5 {[%clk 0:00:23]} Rxg4
{[%clk 0:00:21]} 53. a6 {[%clk 0:00:18]} Rg2+ {[%clk 0:00:31]} 54. Ke3
{[%clk 0:00:20]} Ra2 {[%clk 0:00:39]} 55. Ke4 {[%clk 0:00:24]} Ra3
{[%clk 0:00:36]} 56. Rb7 {[%clk 0:00:15]} f5+ {[%clk 0:00:39]} 57. Ke3
{[%clk 0:00:13]} f4+ {[%clk 0:00:34]} 58. Ke4 {[%clk 0:00:21]} f3
{[%clk 0:00:29]} 59. Rg7 {[%clk 0:00:17]} b3 {[%clk 0:00:24]} 60. Rxg5+
{[%clk 0:00:15]} Kb4 {[%clk 0:00:24]} 61. Rf5 {[%clk 0:00:13]} b2
{[%clk 0:00:28]} 62. Bc2 {[%clk 0:00:16]} Rxa6 {[%clk 0:00:14]} 63. Rxf3
{[%clk 0:00:25]} Ra3 {[%clk 0:00:21]} 64. Rxa3 {[%clk 0:00:21]} Kxa3
{[%clk 0:00:30]} 65. Kd4 {[%clk 0:00:27]} Kb4 {[%clk 0:00:31]} 66. Kd3
{[%clk 0:00:36]} c5 {[%clk 0:00:40]} 67. Bb1 {[%clk 0:00:40]} Kb3
{[%clk 0:00:47]} 68. Bc2+ {[%clk 0:00:39]} Kb4 {[%clk 0:00:48]} 69. Bb1
{[%clk 0:00:48]} c4+ {[%clk 0:00:52]} 70. Kc2 {[%clk 0:00:52]} c3
{[%clk 0:01:00]} 71. Ba2 {[%clk 0:00:54]} Ka3 {[%clk 0:01:09]} 72. Bg8
{[%clk 0:01:00]} Kb4 {[%clk 0:01:17]} 73. Ba2 {[%clk 0:01:09]} Ka3
{[%clk 0:01:26]} 74. Bg8 {[%clk 0:01:18]} Kb4 {[%clk 0:01:36]} 1/2-1/2

[Event "Team Championship (women rapid)"]
[Site "Sochi"]
[Date "2017.10.03"]
[Round "3.4"]
[White "Potapova, Margarita"]
[Black "Kovanova, Baira"]
[Result "0-1"]
[LiveChessVersion "1.4.8"]
[BlackElo "2361"]
[WhiteElo "2104"]

1. d4 {[%clk 0:15:17]} Nf6 {[%clk 0:15:19]} 2. c4 {[%clk 0:15:25]} e6
{[%clk 0:15:28]} 3. Nf3 {[%clk 0:15:33]} Bb4+ {[%clk 0:15:35]} 4. Bd2
{[%clk 0:15:41]} Bxd2+ {[%clk 0:15:42]} 5. Qxd2 {[%clk 0:15:48]} O-O
{[%clk 0:15:42]} 6. Nc3 {[%clk 0:15:44]} d5 {[%clk 0:14:50]} 7. g3
{[%clk 0:15:20]} c6 {[%clk 0:14:34]} 8. Bg2 {[%clk 0:15:08]} b6 {[%clk 0:14:17]}
9. O-O {[%clk 0:15:02]} Nbd7 {[%clk 0:14:07]} 10. Ne5 {[%clk 0:13:01]} Nxe5
{[%clk 0:13:35]} 11. dxe5 {[%clk 0:13:08]} Nd7 {[%clk 0:13:25]} 12. f4
{[%clk 0:12:58]} Qe7 {[%clk 0:10:50]} 13. cxd5 {[%clk 0:12:40]} cxd5
{[%clk 0:10:51]} 14. Rfc1 {[%clk 0:11:19]} Ba6 {[%clk 0:10:52]} 15. e4
{[%clk 0:11:07]} dxe4 {[%clk 0:09:39]} 16. Nxe4 {[%clk 0:11:09]} Rac8
{[%clk 0:07:47]} 17. Nd6 {[%clk 0:10:52]} Rxc1+ {[%clk 0:07:02]} 18. Rxc1
{[%clk 0:10:56]} Nb8 {[%clk 0:06:04]} 19. b4 {[%clk 0:10:28]} Qd7
{[%clk 0:05:34]} 20. Qc2 {[%clk 0:09:41]} f6 {[%clk 0:04:07]} 21. Qc7
{[%clk 0:07:57]} Qa4 {[%clk 0:02:48]} 22. Qe7 {[%clk 0:06:53]} Qxa2
{[%clk 0:00:19]} 23. Bh3 {[%clk 0:05:35]} f5 {[%clk 0:00:12]} 24. Nxf5
{[%clk 0:05:18]} exf5 {[%clk 0:00:18]} 25. Bg2 {[%clk 0:02:54]} Qd2
{[%clk 0:00:21]} 26. Rb1 {[%clk 0:01:46]} Qd4+ {[%clk 0:00:28]} 27. Kh1
{[%clk 0:01:54]} Bc4 {[%clk 0:00:27]} 28. Qb7 {[%clk 0:00:44]} b5
{[%clk 0:00:31]} 29. h4 {[%clk 0:00:42]} Qd3 {[%clk 0:00:30]} 30. Rg1
{[%clk 0:00:41]} Qd7 {[%clk 0:00:24]} 31. Qa8 {[%clk 0:00:23]} Na6
{[%clk 0:00:28]} 32. Qf3 {[%clk 0:00:22]} Nxb4 {[%clk 0:00:35]} 33. Kh2
{[%clk 0:00:14]} Bd5 {[%clk 0:00:27]} 34. Qd1 {[%clk 0:00:14]} Qf7
{[%clk 0:00:25]} 35. Bh3 {[%clk 0:00:18]} Be4 {[%clk 0:00:29]} 36. Qd6
{[%clk 0:00:27]} Nc6 {[%clk 0:00:25]} 37. e6 {[%clk 0:00:34]} Qe7
{[%clk 0:00:29]} 38. Qd2 {[%clk 0:00:24]} Qxe6 {[%clk 0:00:35]} 39. g4
{[%clk 0:00:33]} Rd8 {[%clk 0:00:41]} 40. Qe2 {[%clk 0:00:37]} Qc4
{[%clk 0:00:48]} 41. Qf2 {[%clk 0:00:32]} Qc3 {[%clk 0:00:51]} 42. Bg2
{[%clk 0:00:31]} Rd2 {[%clk 0:00:53]} 43. Qf1 {[%clk 0:00:30]} Qb2
{[%clk 0:00:56]} 0-1

[Event "Team Championship (women rapid)"]
[Site "Sochi"]
[Date "2017.10.03"]
[Round "3.5"]
[White "Ambartsumova, Karina"]
[Black "Garifullina, Leya"]
[Result "1-0"]
[LiveChessVersion "1.4.8"]
[BlackElo "1840"]
[WhiteElo "2339"]

1. e4 {[%clk 0:15:16]} c5 {[%clk 0:15:10]} 2. Nf3 {[%clk 0:15:24]} d6
{[%clk 0:15:16]} 3. d4 {[%clk 0:15:30]} cxd4 {[%clk 0:15:23]} 4. Nxd4
{[%clk 0:15:38]} Nf6 {[%clk 0:15:26]} 5. Nc3 {[%clk 0:15:46]} a6 {[%clk 0:15:10]}
6. Be3 {[%clk 0:15:47]} Ng4 {[%clk 0:14:56]} 7. Bc1 {[%clk 0:15:37]} Nf6
{[%clk 0:14:20]} 8. h3 {[%clk 0:15:45]} e5 {[%clk 0:13:42]} 9. Nb3
{[%clk 0:14:34]} Be6 {[%clk 0:13:32]} 10. Be3 {[%clk 0:14:37]} Nc6
{[%clk 0:12:11]} 11. Qf3 {[%clk 0:13:13]} Be7 {[%clk 0:07:40]} 12. O-O-O
{[%clk 0:10:54]} b5 {[%clk 0:05:50]} 13. g4 {[%clk 0:09:41]} h6 {[%clk 0:05:27]}
14. Kb1 {[%clk 0:07:31]} Qc7 {[%clk 0:04:06]} 15. g5 {[%clk 0:02:17]} hxg5
{[%clk 0:03:54]} 16. Bxg5 {[%clk 0:02:26]} Bxb3 {[%clk 0:02:16]} 17. axb3
{[%clk 0:02:28]} Nd4 {[%clk 0:01:54]} 18. Qd3 {[%clk 0:01:59]} b4
{[%clk 0:01:17]} 19. Bxf6 {[%clk 0:02:05]} gxf6 {[%clk 0:01:00]} 20. Nd5
{[%clk 0:02:14]} Qc5 {[%clk 0:01:03]} 21. Qc4 {[%clk 0:01:47]} Ra7
{[%clk 0:00:29]} 22. Nxb4 {[%clk 0:01:18]} a5 {[%clk 0:00:18]} 23. Qxc5
{[%clk 0:01:23]} dxc5 {[%clk 0:00:28]} 24. Nd5 {[%clk 0:01:28]} f5
{[%clk 0:00:19]} 25. c3 {[%clk 0:01:02]} Nxb3 {[%clk 0:00:23]} 26. Kc2
{[%clk 0:01:09]} Rb7 {[%clk 0:00:21]} 27. exf5 {[%clk 0:01:08]} Bh4
{[%clk 0:00:20]} 28. f4 {[%clk 0:00:52]} exf4 {[%clk 0:00:18]} 29. Nxf4
{[%clk 0:00:54]} O-O {[%clk 0:00:11]} 30. Bc4 {[%clk 0:00:50]} Rfb8
{[%clk 0:00:19]} 31. Rhg1+ {[%clk 0:00:34]} Kf8 {[%clk 0:00:28]} 32. Rg4
{[%clk 0:00:34]} Bf6 {[%clk 0:00:18]} 33. Nd5 {[%clk 0:00:37]} Be5
{[%clk 0:00:20]} 34. Rdg1 {[%clk 0:00:41]} Na1+ {[%clk 0:00:12]} 35. Kd3
{[%clk 0:00:33]} Ke8 {[%clk 0:00:20]} 36. Rg8+ {[%clk 0:00:39]} Kd7
{[%clk 0:00:28]} 37. Rxb8 {[%clk 0:00:46]} Rxb8 {[%clk 0:00:37]} 38. Rxa1
{[%clk 0:00:54]} Rxb2 {[%clk 0:00:45]} 39. Rxa5 {[%clk 0:00:52]} Rh2
{[%clk 0:00:53]} 40. Ra7+ {[%clk 0:00:53]} Ke8 {[%clk 0:00:47]} 41. f6
{[%clk 0:00:29]} Kd8 {[%clk 0:00:28]} 42. Ke4 {[%clk 0:00:25]} Bd6
{[%clk 0:00:29]} 43. Ra8+ {[%clk 0:00:22]} Kd7 {[%clk 0:00:25]} 44. Bb5+
{[%clk 0:00:31]} Ke6 {[%clk 0:00:18]} 45. Re8+ {[%clk 0:00:39]} Be7
{[%clk 0:00:26]} 46. Rxe7+ {[%clk 0:00:44]} Kd6 {[%clk 0:00:35]} 47. Rd7+
{[%clk 0:00:40]} Ke6 {[%clk 0:00:41]} 48. Ra7 {[%clk 0:00:42]} Kd6
{[%clk 0:00:46]} 49. Ra6# {[%clk 0:00:50]} Kxd5+ 1-0

[Event "Team Championship (women rapid)"]
[Site "Sochi"]
[Date "2017.10.03"]
[Round "3.6"]
[White "Stepanyan, Eva"]
[Black "Nebolsina, Vera"]
[Result "0-1"]
[LiveChessVersion "1.4.8"]
[BlackElo "2236"]
[WhiteElo "1864"]

1. e4 {[%clk 0:15:19]} c5 {[%clk 0:15:16]} 2. Nf3 {[%clk 0:15:28]} d6
{[%clk 0:15:25]} 3. d4 {[%clk 0:15:36]} cxd4 {[%clk 0:15:33]} 4. Nxd4
{[%clk 0:15:44]} Nf6 {[%clk 0:15:39]} 5. Nc3 {[%clk 0:15:51]} a6 {[%clk 0:15:47]}
6. Be2 {[%clk 0:15:58]} e5 {[%clk 0:15:54]} 7. Nf3 {[%clk 0:16:06]} Be7
{[%clk 0:15:46]} 8. Bg5 {[%clk 0:16:12]} Nbd7 {[%clk 0:15:36]} 9. O-O
{[%clk 0:14:54]} O-O {[%clk 0:15:34]} 10. a4 {[%clk 0:12:35]} b6 {[%clk 0:15:31]}
11. Bc4 {[%clk 0:12:24]} Bb7 {[%clk 0:15:23]} 12. Bxf6 {[%clk 0:12:20]} Nxf6
{[%clk 0:15:28]} 13. Qd3 {[%clk 0:12:09]} Nxe4 {[%clk 0:13:03]} 14. Nxe4
{[%clk 0:11:56]} d5 {[%clk 0:13:11]} 15. Nxe5 {[%clk 0:09:48]} dxc4
{[%clk 0:11:44]} 16. Nxc4 {[%clk 0:06:00]} Qc7 {[%clk 0:11:35]} 17. Ned2
{[%clk 0:03:24]} Rad8 {[%clk 0:10:20]} 18. Qb3 {[%clk 0:02:45]} Rd4
{[%clk 0:08:47]} 19. Qc3 {[%clk 0:01:00]} Bf6 {[%clk 0:08:03]} 20. Qg3
{[%clk 0:00:34]} Qc6 {[%clk 0:07:20]} 21. Qf3 {[%clk 0:00:23]} Qd7
{[%clk 0:06:06]} 22. Qe2 {[%clk 0:00:14]} Re8 {[%clk 0:05:55]} 23. Qh5
{[%clk 0:00:16]} Rh4 {[%clk 0:05:16]} 24. Qd1 {[%clk 0:00:14]} Bxg2
{[%clk 0:04:44]} 25. Kxg2 {[%clk 0:00:16]} Qh3+ {[%clk 0:04:52]} 0-1